Tribhuvan University Central Library

वालुङ र वालुङा (Record no. 69778)

MARC details
000 -LEADER
fixed length control field 00503nam a22001937a 4500
008 - FIXED-LENGTH DATA ELEMENTS--GENERAL INFORMATION
fixed length control field 000000b xxu||||| |||| 00| 0 und d
015 ## - NATIONAL BIBLIOGRAPHY NUMBER
-- NNB
020 ## - INTERNATIONAL STANDARD BOOK NUMBER
International Standard Book Number 978-9937-2-0627-3
Terms of availability Rs.300.00
041 ## - LANGUAGE CODE
Language code of text/sound track or separate title Nep
082 ## - DEWEY DECIMAL CLASSIFICATION NUMBER
Classification number N915.426
Item number T565v
100 ## - MAIN ENTRY--PERSONAL NAME
Personal name Thapa, Rajeshwar
241 ## - ROMANIZED TITLE (BK AM CF MP MU VM)
Romanized title Valung ra valunga
245 ## - TITLE STATEMENT
Title वालुङ र वालुङा
260 ## - PUBLICATION, DISTRIBUTION, ETC.
Place of publication, distribution, etc. Kathmandu:
Name of publisher, distributor, etc. Abhiman Prakashan,
Date of publication, distribution, etc. 2065 B.S.
300 ## - PHYSICAL DESCRIPTION
Extent 362p.
650 ## - SUBJECT ADDED ENTRY--TOPICAL TERM
Topical term or geographic name entry element Description
650 ## - SUBJECT ADDED ENTRY--TOPICAL TERM
Topical term or geographic name entry element Travel
942 ## - ADDED ENTRY ELEMENTS (KOHA)
Koha item type General Collections
Source of classification or shelving scheme Dewey Decimal Classification
Holdings
Withdrawn status Lost status Damaged status Not for loan Home library Current library Date acquired Total Checkouts Full call number Barcode Date last seen Price effective from Koha item type Source of classification or shelving scheme
        Tribhuvan University Central Library Tribhuvan University Central Library 04/16/2014   N915.426 T565v G70113 04/16/2014 04/16/2014 General Collections  
        Tribhuvan University Central Library Tribhuvan University Central Library 04/16/2014   N915.426 T565v G70114 04/16/2014 04/16/2014 General Collections  
        Tribhuvan University Central Library Tribhuvan University Central Library 06/14/2024   N915.426 T565v IS18581 06/14/2024 06/14/2024 ISBN Dewey Decimal Classification